| 000 | 00553nam a2200193Ia 4500 | ||
|---|---|---|---|
| 003 | OSt | ||
| 005 | 20240912090609.0 | ||
| 008 | 210210b1965 xxu||||| |||| 00| 0 eng d | ||
| 040 | _cAL | ||
| 041 | _aHindi | ||
| 082 | _aH891.1 CHAB | ||
| 100 |
_aCHAUHAN (Nawab Sinha). _dनवाब सिंह चौहान _9179048 |
||
| 245 |
_aBhujha na dip pyar ka. _b बुझा न दीप प्यार का |
||
| 260 |
_aAligad _bBharat Prakashan _c1965 |
||
| 300 | _a144 | ||
| 690 |
_aHindi Poetry _9179049 |
||
| 906 | _a032193 | ||
| 942 |
_2ddc _cBK |
||
| 999 |
_c83132 _d83132 |
||